000
00306nam a2200109Ia 4500
008
220204s9999 xx 000 0 und d
082
_a
030=134.2=111
_b
SPA
245
0
_a
Cassell's Spanish-English English-Spanish dictionary
260
_a
London
_b
Cassell
_c
1976
700
_a
Peers, Edgar Allison
942
_c
BK
999
_c
30732
_d
30732